[Event "Montreal Paques op"]
[Site "Montreal"]
[Date "2006.04.16"]
[Round "4"]
[White "Deschamps, Richard"]
[Black "Page, Mario"]
[Result "1-0"]
[WhiteElo "2004"]
[BlackElo "1644"]
[PlyCount "83"]
[EventDate "2006.04.14"]
[EventType "tourn"]
[EventRounds "5"]
[EventCountry "CAN"]
[SourceTitle "EXT 2007"]
[Source "ChessBase"]
[SourceDate "2006.11.23"]
[SourceVersion "1"]
[SourceVersionDate "2006.11.23"]
[SourceQuality "1"]

1. d4 Nf6 2. c4 e6 3. Nf3 d5 4. Nc3 Bb4 5. Qa4+ Nc6 6. Ne5 Bxc3+ 7. bxc3 0-0 8. Nxc6 bxc6 9. e3 Bd7 10. Qc2 Re8 11. Bd3 e5 12. 0-0 e4 13. Be2 Bg4 14. Rb1 Qd7 15. Ba3 Qf5 16. Rb7 Qd7 17. cxd5 Nxd5 18. Bxg4 Qxg4 19. c4 Qc8 20. Rb3 Nf6 21. Qe2 Qa6 22. Bc5 Rab8 23. Ra3 Qc8 24. Rxa7 Ra8 25. Rxa8 Qxa8 26. Rb1 Nd7 27. Bb4 Rb8 28. Qc2 Nf6 29. Be7 Rxb1+ 30. Qxb1 c5 31. Bxf6 gxf6 32. dxc5 Qa4 33. Qb3 Qc6 34. Qb8+ Kg7 35. Qb4 Qd7 36. h3 Qc6 37. a4 f5 38. a5 Qa6 39. Qb5 Qf6 40. c6 Qa1+ 41. Kh2 Qe5+ 42. Qxe5+ 1-0